A Textbook of Applied Microbiology (Record no. 1764)

MARC details
000 -LEADER
Fixed length control field 00538nam a22002057a 4500
003 - CONTROL NUMBER IDENTIFIER
Control field IIN
005 - DATE AND TIME OF LATEST TRANSACTION
Control field 20250429110441.0
008 - FIXED-LENGTH DATA ELEMENTS--GENERAL INFORMATION
Fixed length control field 250429s |||ad||| |||| 001 0 eng d
020 ## - INTERNATIONAL STANDARD BOOK NUMBER / ISBN
International Standard Book Number 9781543346909
Price Rs.599.00
040 ## - CATALOGING SOURCE
Original cataloging agency IIN
082 ## - DEWEY DECIMAL CLASSIFICATION NUMBER
Classification number 579
Book Number WAN
100 ## - MAIN ENTRY--PERSONAL NAME
Personal name Wani, Imtiyaz
245 ## - TITLE STATEMENT
Title A Textbook of Applied Microbiology
Statement of responsibility Imtiyaz Wani and Poonam Batra
260 ## - IMPRINT
Place of publication Punjab
Name of publisher Pee Vee Books
Date of publication 2022
300 ## - PHYSICAL DESCRIPTION
Page / Vol. No 418 p.
Other physical details col. ill.
500 ## - GENERAL NOTE
General note Includes Index
650 ## - SUBJECT ADDED ENTRY--TOPICAL TERM
Topical term Microbiology
700 ## - ADDED ENTRY--PERSONAL NAME
Personal name Batra, Poonam
942 ## - ADDED ENTRY ELEMENTS (KOHA)
Koha item type Books
Holdings
Withdrawn status Lost status Source of classification Damaged status Not for loan Collection code Home library Current library Shelving location Date acquired Total Checkouts Call number Accession number Date last seen Price effective from Koha item type
    Dewey Decimal Classification     Purches Book IDEAL INSTITUTE OF NURSING IDEAL INSTITUTE OF NURSING General Stacks 11/03/2025   579 WAN 1924 29/04/2025 29/04/2025 Books
© Ideal Institute Of Nursing, All rights reserved.         Powered by Koha